[Event "Novgorod"]
[Site "Novgorod"]
[Date "1995.05.30"]
[Round "4"]
[White "Topalov, Veselin"]
[Black "Kasparov, Garry"]
[Result "0-1"]
[WhiteElo "2630"]
[BlackElo "2805"]
[Annotator "Boensch,U"]
[PlyCount "80"]
[EventDate "1995.05.??"]
[EventType "tourn"]
[EventRounds "9"]
[EventCountry "RUS"]
[EventCategory "17"]
[SourceTitle "CBM 048"]
[Source "ChessBase"]
[SourceDate "1995.10.01"]
[SourceVersion "1"]
[SourceVersionDate "1995.10.01"]
[SourceQuality "1"]

1. e4 {King Baburin Ftacnik} c5 2. Nf3 Nc6 3. d4 cxd4 4. Nxd4 e6 5. Nc3 d6 6.
Be3 Nf6 7. f3 Be7 8. Qd2 O-O 9. g4 a6 10. O-O-O {Ftacnik The fight immediately
becomes very tense, each tempo is important.} Nxd4 (10... Nd7 11. Kb1 Nxd4 12.
Bxd4 b5 13. h4 b4 14. Na4 a5 15. g5 Qc7 16. Bb5 Rb8 17. Qe2 Ne5 18. f4 Ng6 19.
Be3 d5 $132 {Stefansson,H-Akesson,R Reykjavik zt (09) 1995 0-1 39 - CBM 47})
11. Bxd4 b5 (11... Nd7 12. h4 b5 13. g5 b4 $6 14. Ne2 (14. Na4 Bb7 $6 (14...
Qa5 15. b3 Nc5 16. Bxc5 dxc5 17. Qf4 Ra7 18. Kb1 Rd7 19. Bc4 Rd4 $5 $10 {
Inkiov,V-Vera,R Varna 1986}) 15. Nb6 $1 Rb8 16. Nxd7 Qxd7 17. Kb1 Qc7 (17... a5
$5) 18. Bd3 $10 {Fischer,R-Spassky,B St Stefan Belgrade m25 1992 1-0 35}) 14...
Rb8 15. Ba7 Rb7 16. Be3 Qc7 17. Nd4 Nc5 18. Kb1 Na4 19. Nb3 a5 20. Ka1 Rd8 21.
Nd4 d5 22. e5 Bd7 23. h5 Nc3 $132 {Torhallsson,T-Akesson,R Reykjavik zt (04)
1995 1-0 37 - CBM 47}) 12. Kb1 (12. h4 Rb8 13. g5 Nd7 14. Kb1 (14. Ba7 Rb7 15.
Be3 Qc7 16. Bd3 b4 17. Ne2 b3 18. axb3 Rxb3 $15 {Magem Badals,J-Ehlvest,J
Pamplona (5) 1991 0-1 38}) 14... b4 15. Ne2 Ne5 (15... Qc7 16. h5 Ne5 17. Ng1 (
17. f4 Nc4 18. Qd3 e5 19. Nc1 Bg4 20. Qxc4 Qxc4 21. Bxc4 Bxd1 22. Rxd1 exd4 23.
Nb3 $14 {Tiviakov,S-Van Wely,L Wijk (06) 1994 1-0 46}) 17... Nc4 18. Bxc4 Qxc4
19. h6 g6 20. Bf6 Bxf6 21. gxf6 Rb6 22. Nh3 Bb7 23. Qe3 Rc6 $132 {Smirin,I-Van
Wely,L Wijk (09) 1994 0-1 41}) 16. Bg2 Nc4 17. Qd3 Qc7 18. b3 Na3+ 19. Kb2 Bd7
20. c4 $10 {Leko,P-Van Wely,L Wijk (02) 1994 1/2 56}) (12. Bxf6 $6 Bxf6 13.
Qxd6 Qa5 $40) 12... Bb7 13. h4 Rc8 14. g5 Nd7 15. a3 {King It is satisfying to
see that Topalov came to the same conclusions as I did about this position. If
you return to Topalov-Kasparov, Amsterdam 1995, played a couple of months
prior to this, I recommended 15.a3. The only thing that takes the shine off
the medal that I've just awarded myself is the fact, that it doesn't actually
alter the result of the game: Kasparov keeps his head and wins in fine style.}
(15. Rg1 b4 $146 (15... Ne5 16. Qf2 (16. Rg3 Qc7 17. h5 b4 18. Na4 d5 19. g6
fxg6 20. Bh3 Qd6 21. hxg6 h6 22. Nc5 Nc4 23. Bxe6+ Qxe6 24. Nxe6 {
Thorhallsson-Palac/Hartberg op (5)/1991/0-1 (37)}) 16... Nc4 17. Bxc4 Rxc4 18.
h5 Qc7 19. g6 fxg6 20. hxg6 h6 21. Rh1 Bf6 22. Bxf6 Rxf6 $17 {Ryan,J-Milu,R
Manila olm 1992 0-1 30} (22... Rxf6 23. Qg3 b4 24. Na4 $17 {Ryan,J-Milu,R/
Manila olm (11.20.4)/1992/0-1 (30)})) 16. Ne2 (16. Na4 Bc6 17. Qxb4 d5 $19)
16... Ne5 17. Rg3 $6 (17. Bg2 Nc4 (17... a5 18. b3 $13) 18. Qxb4 Qd7 19. Qb3 a5
$40) (17. Bxe5 dxe5 18. Qxd8 Rfxd8 $17) 17... Nc4 (17... a5 18. b3 $13) 18. Qc1
e5 $1 19. Bf2 a5 {Ftacnik} 20. Bg2 Ba6 21. Re1 a4 22. Bh3 Rc6 23. Qd1 d5 24.
exd5 $17 {Topalov,V-Kasparov,G/Amsterdam Euwe-mem (3)/1995/0-1 (28)}) (15. g6
fxg6 (15... b4 16. gxh7+ Kh8 17. Ne2 e5 18. Be3 f5 19. Qxb4 Ba8 20. Qd2 fxe4
$13 {Varavin,V-Pugachev,A Kobanya op (08) 1992 1-0 54}) (15... Ne5 $6 16. Qg2
Bf6 17. gxh7+ Kh8 18. Rg1 Qe7 19. h5 Rfd8 20. f4 $16 {Varavin,V-Obukhov,A
Krasnodar 1991 1-0 30}) 16. Bh3 e5 $17) (15. Bd3 $1 b4 (15... Ne5 16. Qg2 Nxd3
17. Rxd3 b4 18. Nd1 Qc7 19. b3 $10 {Fedorov,A-Mochalov,E Minsk (10) 1995 1-0
63 - EXP 46}) (15... Nc5 {Ftacnik} 16. Rdg1 e5 17. Be3 b4 18. Nd5 Bxd5 19. exd5
Nxd3 20. Qxd3 Qc7 21. Rg4 a5 22. Rhg1 f5 23. gxf6 Bxf6 24. Bg5 $14 {Rodriguez,
A-Larsen,B/San Martin (03)/1995/1-0 (57)}) 16. Ne2 a5 17. Ng3 Qc7 18. h5 Ne5
19. f4 Nf3 20. Qf2 Nxd4 21. Qxd4 Qc5 22. Qg1 Qxg1 23. Rhxg1 Rc5 24. Ne2 $10 {
Salazar,H-Panno,O/Buenos Aires Konex (07)/1991/0.5 (29)}) (15. Bh3 Ne5 16. Qg2
Nc4 17. g6 Bf6 18. gxf7+ Kxf7 19. Ne2 Rc7 20. Nf4 {Ftacnik} Bc8 21. e5 dxe5 22.
Bxe5 Qe7 23. Bxc7 Qxc7 24. Bxe6+ {Kovacevic,A-Zetocha,C/Szekszard op (09)/1994/
0.5 (37)}) 15... Ne5 16. Qe3 (16. Bxe5 $6 {Ftacnik} dxe5 $17) 16... Nc4 17.
Bxc4 Rxc4 18. Rhg1 {Baburin A typical position in the Sicilian Defence. The
a3P often allows the N to remain on c3, but at the same time helps Black to
open the b-file.} (18. Rd3 $5 Qe8 (18... Qc7 19. Bb6 Qc8 20. Ba5 $14 {/\ Bb4})
(18... Qb8 $5 {/\ b4}) (18... b4 $2 19. axb4 Rxb4 20. Bc5 $16 {/\ Bd6}) 19. Rg1
e5 20. Bb6 f5 21. gxf6 Rxf6 22. Ba5 Bf8 23. Rgd1 Qh5 24. Bb4 h6 25. Bxd6 Bxd6
26. Rxd6 Qxf3 $10 {Wang Zili-Boensch,U Peking op (07) 2nd. S.T. Lee Cup 1995
1-0 62}) (18. f4 {Ftacnik} b4 19. axb4 Rxb4 {xe4}) 18... b4 {[%csl Rb2]
Ftacnik In order to generate concrete threads as the b2P is vulnerable. King
15.a3 gave White some security in the centre as the Nc3 was able to maintain
its position. However, we now see the disadvantages of the little pawn move:
Kasparov is able to open the b-file towards the K. Having said that, it will
take some time before the rest of Black's pieces can join in the attack, and
White has his own play on the other side of the board. Topalov's problem is,
what is the best way to open a file on the kingside?} 19. axb4 Rxb4 20. Rg2 {
King Over the next few moves Topalov loses the initiative. To be honest, I
don't see the point of 15.Rg2. Trundling on with 15.h5 seems reasonable,
hoping for a chance to disrupt Black on the kingside with h6 or g6.} (20. Bc5
$2 Rc4 21. Bxd6 Bxd6 22. e5 Bc5 $19) (20. f4 Qc7 21. f5 e5 $1 22. Ba7 Ra8 $17 (
22... Rc8 $15 {Ftacnik})) 20... Ba8 {King Clearing the B from the b-file in
preparation for the attack} 21. b3 $2 (21. h5 Qc7 (21... Qa5 $2 22. Bf6 $1 (22.
g6 $2 fxg6 23. hxg6 h6 $15) 22... Qa3 23. Nd5 $1 Qxe3 24. Nxe3 $16) (21... e5 {
Ftacnik} 22. Bc5 (22. Bxe5 Qb8 $17) 22... Rc4 23. Ba3 Qc7) (21... Qb8 22. Ne2
Rc8 $132) 22. Bf6 Rfb8 $1 $40) (21. Bf6 Bxf6 22. gxf6 Qxf6 23. Rxd6 Bxe4 $1 $17
) (21. Bc5 $1 dxc5 $5 (21... Rb7 22. Rgd2 (22. Ba3 $2 Qa5 $15) 22... Qa5 (22...
Qb8 23. Ba3 $13) 23. Bxd6 Bxd6 24. Rxd6 Rxb2+ 25. Kxb2 Rb8+ 26. Nb5 $1 (26. Kc1
Qa3+ 27. Kd2 Qxd6+ 28. Ke2 Qc7 $17) 26... Rxb5+ 27. Kc1 $18) (21... Rb8 22.
Bxd6 Bxd6 23. Rgd2 Rxb2+ 24. Kxb2 Qb8+ 25. Ka2 Bf4 $17) (21... Rc4 22. Bxd6
Bxd6 23. Rgd2 Bc5 24. Qxc5 Qxd2 25. Qxf8+ Kxf8 26. Rxd2 $18) 22. Rxd8 Rxd8 23.
h5 $1 $13) 21... a5 22. h5 $6 {Zu langsam!} Qc7 {Threatening ...e5.} 23. Bf6 {
King Smart way to get rid of the main kings defender. Ftacnik Looks flash, but
the B can be safely ignored. Kasparov refuses to allow an open file in front
of the K.} (23. g6 e5 24. gxh7+ Kxh7 (24... Kh8 {Ftacnik} 25. Ba7 Rc8 26. h6 g6
27. Rd3 Bc6 $40) 25. Ba7 Rc8 26. Kb2 Bc6 $15 {/\ a4, Ra8}) 23... Rfb8 (23...
gxf6 $4 {Ftacnik} 24. gxf6+ Kh8 25. Qg5 $18) 24. Bxe7 (24. h6 {Ftacnik} a4 $40)
24... Qxe7 {King Although the pawns on h5 and g5 look impressive, it is
impossible to open a file, for instance: 25 g6 fxg6 26 hxg6 h6, and Black's K
remains safe.} 25. Rd4 {Verhindert a4.} (25. h6 $2 {Ftacnik} a4 $19) 25... e5 (
25... Qa7 $4 26. Rxb4 $18) 26. Rxb4 axb4 {King Recapturing with the P is an
interesting decision. With one pair of R exchanged, Kasparov recognises that
the attack down the b-file has diminished, and he changes the nature of his
advantage. White's N is driven from the centre, and there is a chance that
Black can use the open a-file.} 27. Na2 (27. Na4 Bc6 28. Nb2 Bb5 29. Rd2 Qc7
$17) (27. Nd5 {Ftacnik} Bxd5 28. exd5 Qb7 $17) 27... Qc7 $1 $17 28. Qd3 Kf8 {
King Intending to support the dP with ...Ke7 in the case of Rd2.} 29. g6 {
King With the BlackK on the march, Topalov feels justified in blowing the
position open; however, Kasparov scuttles the K back into the corner, and
White has only managed to weaken his position.} (29. Rd2 Ke7 $17) 29... fxg6 (
29... hxg6 {Ftacnik} 30. hxg6 f6 31. Rh2 $40) 30. hxg6 h6 31. f4 $6 {Sieht aus
wie Selbstmord, aber wenn Weiß passiv bleibt ist er gegen die Verdoppellung
auf der a-Linie hilflos.} exf4 32. Rf2 Kg8 33. Rxf4 {King The bishop on a8
lives again: the e-pawn is a target, and potentially the g-pawn as well.} Qc5 (
33... d5 $5 {Ftacnik} 34. Rf7 Qd6 35. exd5 Qxd5 36. Nxb4 Qxd3 (36... Rxb4 $2
37. Qxd5 Bxd5 38. Rd7) 37. Nxd3 Be4 38. Rc7 Bxg6 $15) 34. Rf1 Qb5 (34... Qe5 {
Ftacnik} 35. Qc4+) 35. Rc1 $2 (35. Qf3 Qe8 $1 $19 {x e4, x g6}) (35. Qxb5 {
Die beste Chance liegt in einem schlechteren Endspiel.} Rxb5 36. Rd1 Bxe4 37.
Rxd6 Kf8 38. Rd4 Bxg6 39. Nxb4 h5 $17) (35. Rf5 {Ftacnik} Qb6 (35... Qe8 $6 36.
Qxd6 Rd8 37. Re5) 36. Qc4+ Kh8 37. Nxb4 Qg1+ 38. Rf1 Qxg6 $15) (35. Rd1 {
Ftacnik} Qxd3 36. cxd3 (36. Rxd3 Bxe4 37. Rxd6 Kf8 $17) 36... d5 37. e5 d4 $17)
35... Qe5 $19 36. Qc4+ (36. Re1 {Ftacnik} d5 $17) 36... Kh8 37. Rh1 (37. Re1 {
Ftacnik} d5) (37. Nxb4 {Ftacnik} Qxe4 38. Qxe4 Bxe4 39. Nd3 Bxg6 $17) 37...
Bxe4 {[%csl Ge4,Ra2] Ftacnik The B is stronger in open positions, on top of it
the N occupies very modest square.} 38. Qc7 (38. Rxh6+ gxh6 39. Qc7 Rb7 $19)
38... Rf8 39. Rxh6+ Kg8 (39... gxh6 $4 {Ftacnik} 40. Qh7#) 40. Nc1 (40. Qc4+ {
Ftacnik} d5 $19) (40. Nxb4 {Ftacnik} Rf1+) (40. Rh3 {Ftacnik} Qe6 $1) 40...
Bxc2+ (40... Bxc2+ 41. Kxc2 (41. Qxc2 gxh6 $19) 41... Rf2+ 42. Kd3 (42. Kd1 {
Ftacnik} Qd4+) 42... Qd5+ 43. Ke3 Qd2+ 44. Ke4 Rf4#) 0-1

[Event "Novgorod"]
[Site "Novgorod"]
[Date "1995.06.02"]
[Round "6"]
[White "Short, Nigel D"]
[Black "Ivanchuk, Vassily"]
[Result "0-1"]
[WhiteElo "2655"]
[BlackElo "2700"]
[Annotator "Boensch,U"]
[PlyCount "72"]
[EventDate "1995.05.??"]
[EventType "tourn"]
[EventRounds "9"]
[EventCountry "RUS"]
[EventCategory "17"]
[SourceTitle "CBM 048"]
[Source "ChessBase"]
[SourceDate "1995.10.01"]
[SourceVersion "1"]
[SourceVersionDate "1995.10.01"]
[SourceQuality "1"]

1. e4 {Ftacnik} c5 2. Nf3 d6 3. d4 cxd4 4. Nxd4 Nf6 5. Nc3 a6 6. g3 e6 7. Bg2
Qc7 8. O-O Be7 9. a4 $6 {Zu früh!} (9. Re1 O-O (9... Nc6 10. Nxc6 bxc6 11. e5
dxe5 12. Rxe5 O-O 13. Bf4 Qb7 14. Re3 Nd5 15. Nxd5 exd5 16. Rb3 Qa7 $10 {- ECO}
) 10. Be3 Nc6 11. a4 Bd7 (11... Ne5 $1) 12. Nxc6 Bxc6 13. a5 Nd7 14. Na4 Rae8
15. Nb6 f5 16. Nxd7 Qxd7 $10 {Horvath,T-Chuchelov,V Hamburg HSK (02) 1991 1/2
48}) 9... Nc6 10. Re1 (10. Nb3 b6 11. f4 Bb7 12. Qe2 O-O 13. g4 Rfe8 14. g5 Nd7
15. Be3 Bf8 16. Rad1 Rac8 17. h4 Na5 18. Nd4 Nc4 19. Bc1 e5 20. Nf5 exf4 21.
Rxf4 Nce5 $10 {Donguines,F-Sadler,L Genting zt (06) 1995 0-1 40 - EXP 47}) (10.
b3 O-O 11. Bb2 Bd7 12. Nde2 Rab8 13. Nf4 b5 14. axb5 axb5 15. Nh5 Nxh5 16. Qxh5
Bf6 17. Rfb1 Nd4 18. Qd1 Nxc2 $17 {Burnett,R-Oll,L New York op (02) 1995 0-1
26 - EXP 47}) 10... O-O 11. Be3 {Die Aufstellung Re1 und Be3 paßt nicht
zusammen.} Ne5 $1 (11... Na5 12. Qd3 Bd7 13. b3 Rac8 14. Bd2 Rfd8 15. h3 Nc6
16. Nxc6 Bxc6 17. Qe2 d5 18. exd5 Nxd5 {1/2 Brink Claussen,B-Votruba,P
Tastrup-B (03) 1992}) (11... Rb8 {Ftacnik} 12. h3 (12. Qe2 Bd7 13. Nb3 Na5 14.
Nxa5 Qxa5 15. Bd2 Qc7 16. a5 Bc6 17. Be3 Rbc8 18. Bb6 Qb8 19. Reb1 Rfe8 20. b4
Nd7 21. Bd4 Bf6 22. Bxf6 Nxf6 23. b5 axb5 24. Nxb5 d5 25. e5 Bxb5 26. Rxb5 Nd7
27. a6 {Garcia,G-O'Reilly,E/Thessaloniki olm (5)/1988/1-0 (37)}) 12... Re8 13.
Qe2 Na5 14. Rad1 Bd7 15. g4 h6 16. Bc1 Nc6 17. Nb3 Rec8 18. h4 Nh7 19. g5 hxg5
20. hxg5 Nxg5 21. Rd3 Ne5 22. Rg3 Nh7 23. f4 Ng6 24. f5 Bh4 25. fxg6 Bxg3 26.
gxh7+ Kh8 $13 {Atlas,V-Cvitan,O/SWZ-GP Wohlen (3)/1993/0-1 (71)}) 12. h3 Rb8
13. Qe2 (13. g4 $5 {Ftacnik} Nc4 14. Bc1) 13... Bd7 14. g4 (14. f4 $2 Nc4 15.
Bc1 Qc5 16. Qf2 e5 $15) (14. Rad1 $6 {Ftacnik} Nc4 15. Bc1 Nb6 16. a5 Nc4 $17)
14... h6 $1 {Die Schwächung h6 ist vertretbar und so bleibt der Nf6 auf seinem
guten Feld.} 15. Rad1 Rfc8 16. f4 (16. Bc1 $5 Qa5 17. f4 Nc4 18. e5 Ne8 $15 {
/\ Qb4}) (16. g5 $6 hxg5 17. Bxg5 b5 (17... Nc4 18. Bc1 Qa5 $17) 18. axb5 axb5
19. Ndxb5 Qc5 $1 (19... Bxb5 20. Nxb5 Qxc2 21. Nxd6 Bxd6 22. Rxd6 Qxb2 $10) 20.
Bxf6 Bxb5 21. Nxb5 Bxf6 22. Nxd6 Rd8 23. Qe3 Qxe3 24. fxe3 (24. Rxe3 Nc4 25.
Red3 Nxb2 $19) 24... Rb6 $19) 16... Nc4 17. Bc1 e5 $1 $17 {[%csl Ye4,Yf4,Yg4]
Ftacnik Black hopes to eliminate strong pawn chain e4-g4 with a typical push.
Erzwingt wegen der Schwäche b2 den Tausch auf e5.} 18. fxe5 (18. Nf5 $2 Bxf5
19. exf5 Nxb2 $1 $19) (18. Nb3 exf4 19. Qf2 g5 $19) 18... dxe5 19. Nb3 (19. Nf5
{Ftacnik} Bb4 20. Rd3 $13) 19... b5 {Schon optisch eine Sizi-Traumstellung.}
20. axb5 axb5 21. Kh1 b4 22. Nd5 Nxd5 23. exd5 (23. Rxd5 {Ftacnik} Be6 24. Rdd1
Nb6 $17 {xc2}) 23... Bh4 $1 24. Rg1 (24. Rf1 {Ftacnik} Bb5) 24... Bb5 25. d6
Qd7 (25... Nxd6 $2 26. Qxe5 $13) 26. Qe4 {Unpleasant slip in a critical moment,
it was important to strive for Nc5.} (26. Rd5 $1 {[%cal Gb3c5] Ftacnik} Bf6 27.
Nc5 Qa7 28. Ne4 Nxd6 $140 29. Nxf6+ gxf6 30. Qd2 $40) 26... Rb6 27. Rd5 Rxd6
$19 28. Nc5 Qa7 29. g5 {In seiner Verzweiflung gibt Short noch einen P um Rgd1
spielen zu können.} (29. Rgd1 Rxd5 30. Rxd5 Rxc5 $19) (29. Rxd6 $2 {Ftacnik}
Nxd6 30. Qxe5 Qxc5) 29... hxg5 (29... Rxd5 {Ftacnik} 30. Nb3 Bf2 (30... Rd4 31.
Nxd4 Qxd4 32. Qb7 Nd6 $19) 31. Qxd5 Bc6 32. Qd1 Bxg1 $19) 30. Rgd1 Rxd5 31.
Rxd5 Bc6 (31... Rxc5 $4 32. Rd8+ Be8 33. Rxe8#) 32. Qf5 (32. Qxc4 {Ftacnik}
Bxd5 33. Bxd5 Rxc5 $19) 32... Qa8 33. Kh2 Bxd5 34. Bxd5 Nd6 (34... Qxd5 $2 {
Ftacnik} 35. Qxc8+) 35. Qd3 Qa7 36. Be3 Rxc5 0-1

[Event "NED-ch45"]
[Site "Hilversum"]
[Date "1990.06.18"]
[Round "7"]
[White "Nijboer, Friso"]
[Black "Brenninkmeijer, Joris"]
[Result "0-1"]
[WhiteElo "2485"]
[BlackElo "2475"]
[Annotator "Boensch,U"]
[PlyCount "82"]
[EventDate "1990.06.11"]
[EventType "tourn"]
[EventRounds "11"]
[EventCountry "NED"]
[EventCategory "9"]
[SourceTitle "CBM 019"]
[Source "ChessBase"]
[SourceDate "1990.12.01"]
[SourceVersion "1"]
[SourceVersionDate "1990.12.01"]
[SourceQuality "1"]

1. e4 {Bönsch} c5 2. Nf3 d6 3. d4 cxd4 4. Nxd4 Nf6 5. Nc3 e6 6. Be3 a6 7. f3 b5
8. g4 h6 9. Qd2 (9. h4 b4 10. Nce2 e5 11. Nb3 d5 12. Ng3 d4 13. Bf2 Be6 14. Bd3
Nbd7 15. Rg1 Be7 16. g5 hxg5 17. hxg5 Nh7 {Fedorowicz - Browne, Chicago 1989})
9... Nbd7 10. O-O-O Bb7 11. Bd3 Ne5 12. Rhe1 b4 13. Na4 d5 14. exd5 Nxd5 15.
Bf2 Bd6 16. Bf5 O-O 17. Nxe6 fxe6 18. Bxe6+ Kh8 19. Bxd5 Nxf3 20. Bxf3 Bxf3 21.
Bb6 Bxd1 22. Bxd8 Raxd8 23. Qg2 (23. Qxd1 Bf4+ 24. Kb1 Rxd1+ 25. Rxd1 Bxh2 26.
c3 $15 {Hjartarson - Kasparov, Thessaloniki 1988 - Inf.46/284}) 23... Bf3 24.
Qg1 Bf4+ 25. Kb1 Bd2 26. Rf1 Be2 (26... Bxg4 27. Rxf8+ Rxf8 $44 {( Kasparov )
- Inf.46/284}) 27. Rf2 Rfe8 (27... Rxf2 28. Qxf2 Bxg4 $13) 28. b3 Bc3 (28...
Bxg4 $2 29. Rxd2 (29. Qxg4 $2 Re1+ 30. Kb2 Bc1+ 31. Kb1 Ba3+) 29... Rxd2 30.
Qxg4 Re1+ 31. Kb2 Rdd1 32. Nc3 $1 $16) 29. Nxc3 $8 bxc3 30. Kc1 Rd2 31. a4 a5
32. h3 Re4 33. Qh1 Kg8 34. Rf1 Re3 35. Re1 Bf3 36. Qg1 Rxe1+ 37. Qxe1 Be2 38.
Qh1 Rd8 39. Qe1 Rd2 40. Qh1 Rd8 41. Qg1 $2 (41. Qe1 Rd2 $8 (41... Bf3 42. Qxc3
$18) 42. Qh1 $10 {3 mal gleiche Stellung!}) 41... Rf8 0-1

[Event "Reunion IBM op"]
[Site "Reunion"]
[Date "1997.??.??"]
[Round "6"]
[White "De la Riva Aguado, Oscar"]
[Black "Minnebo, Alain"]
[Result "1-0"]
[WhiteElo "2480"]
[BlackElo "2300"]
[Annotator "Bulletin"]
[PlyCount "55"]
[EventDate "1997.??.??"]
[EventType "swiss"]
[EventRounds "9"]
[EventCountry "FRA"]
[SourceTitle "EXT 1998"]
[Source "ChessBase"]
[SourceDate "1997.11.17"]
[SourceVersion "1"]
[SourceVersionDate "1997.11.17"]
[SourceQuality "1"]

1. e4 c5 2. Nf3 d6 3. d4 Nf6 4. Nc3 cxd4 5. Nxd4 e6 6. Be3 a6 7. Qd2 b5 8. f3
Qa5 9. a4 b4 10. Nce2 d5 11. e5 Nfd7 12. f4 Nc5 13. Nb3 Nxb3 14. cxb3 Nc6 15.
Nd4 Nxd4 16. Bxd4 Bc5 17. Rc1 Bxd4 18. Qxd4 O-O 19. Bd3 Bb7 20. Rc5 Qb6 21. a5
Qa7 22. Ke2 Rac8 (22... f6 $1 $132) 23. Rhc1 Rxc5 24. Qxc5 Qa8 (24... Qxc5 25.
Rxc5 Rc8 26. Rxc8+ Bxc8 27. Ke3 Kf8 28. Kd4 Ke7 29. Kc5 $18 Kd7 30. Kxb4 Kc6
31. Bxh7 g6 32. Bg8) 25. Qd4 f6 $2 {[#]} 26. Rc7 Qb8 27. Qb6 Rf7 28. Bxh7+ 1-0

[Event "POL-ch 52nd"]
[Site "Warsaw"]
[Date "1995.??.??"]
[Round "10"]
[White "Socko, Bartosz"]
[Black "Wojtkiewicz, Aleksander"]
[Result "0-1"]
[WhiteElo "2385"]
[BlackElo "2530"]
[Annotator "Bulletin"]
[PlyCount "80"]
[EventDate "1995.02.11"]
[EventType "tourn"]
[EventRounds "17"]
[EventCountry "POL"]
[EventCategory "8"]
[SourceTitle "EXT 1999"]
[Source "ChessBase"]
[SourceDate "1998.11.16"]
[SourceVersion "1"]
[SourceVersionDate "1998.11.16"]
[SourceQuality "1"]

1. e4 c5 2. Nf3 e6 3. d4 cxd4 4. Nxd4 Nc6 5. Nc3 d6 6. Be3 a6 7. Qd2 Nf6 8. f3
Bd7 9. g4 h6 10. O-O-O Qc7 11. h4 Ne5 12. Rg1 g6 13. g5 hxg5 14. hxg5 Nh5 15.
f4 Nc4 16. Bxc4 Qxc4 17. Nb3 b5 18. f5 (18. e5 $5) 18... b4 19. fxe6 fxe6 20.
Ne2 e5 21. Kb1 Rh7 (21... Qxe4 22. Nc5) 22. Nec1 Be6 23. Na5 Qb5 24. Ncb3 Rc8
25. Rgf1 Be7 26. Rh1 Rf7 27. Qd3 Bg4 28. Qxb5+ axb5 29. Rd5 Bf3 30. Rc1 Bxe4
31. Rxb5 Ng3 32. Nd2 Bf5 33. Nac4 Bd7 34. Rb6 Nf5 35. Bg1 Rh7 36. Rd1 Bc6 37.
Be3 d5 38. Nxe5 Nxe3 39. Re1 Ng2 40. Rg1 Bc5 0-1

[Event "Lugano Open-10"]
[Site "Lugano"]
[Date "1985.03.??"]
[Round "7"]
[White "Kudrin, Sergey"]
[Black "Reshevsky, Samuel Herman"]
[Result "0-1"]
[WhiteElo "2485"]
[BlackElo "2485"]
[Annotator "Bulletin"]
[PlyCount "68"]
[EventDate "1985.03.??"]
[EventType "swiss"]
[EventRounds "9"]
[EventCountry "SUI"]
[SourceTitle "EXT 2000"]
[Source "ChessBase"]
[SourceDate "1999.11.16"]
[SourceVersion "1"]
[SourceVersionDate "1999.11.16"]
[SourceQuality "1"]

1. e4 c5 2. Nf3 d6 3. d4 cxd4 4. Nxd4 Nf6 5. Nc3 Nc6 6. f3 $6 a6 7. Be3 e6 8.
Qe2 Nxd4 $1 9. Bxd4 e5 10. Bf2 Be6 11. O-O-O Rc8 12. Qe1 (12. Be1) 12... Be7
13. g4 $2 (13. Kb1) 13... Qa5 14. Kb1 $2 (14. a3) 14... Rxc3 15. Qxc3 Qxa2+ 16.
Kc1 d5 $1 17. Qxe5 (17. exd5 Nxd5 18. Qxe5 O-O {/\ ...Bf6, ...Bb4}) (17. g5
Nxe4 18. fxe4 Bxg5+ 19. Be3 d4 20. Rxd4 exd4 21. Qxd4 Bxe3+ 22. Qxe3 Qa1+ $19)
17... O-O 18. Bd4 Rd8 $1 19. Bd3 (19. g5 Bd6) 19... h6 {/\ ...Bd6} 20. Qc7 dxe4
21. Qxe7 Rxd4 22. fxe4 Nxe4 23. Qe8+ Kh7 24. Bxe4+ Rxe4 25. Qd8 Qa1+ 26. Kd2
Qxb2 27. Qd3 f5 28. Rb1 Qe5 29. Rbe1 (29. Rhe1 Qa5+ 30. c3 Bc4 31. Qc2 Qd5+ $19
) 29... Qa5+ $1 30. c3 (30. Kd1 Bc4 31. Qg3 (31. Qd7 Qa1+ 32. Kd2 Rd4+ 33. Ke3
Qxe1+ $19) 31... Rd4+) 30... Bc4 31. Qc2 Rf4 32. Kd1 Qa1+ 33. Qc1 Qa4+ 34. Kd2
Qa2+ 0-1

[Event "USA-ch"]
[Site "Greenville"]
[Date "1983.??.??"]
[Round "5"]
[White "Kudrin, Sergey"]
[Black "De Firmian, Nick E"]
[Result "1-0"]
[WhiteElo "2505"]
[BlackElo "2475"]
[Annotator "Bulletin"]
[PlyCount "75"]
[EventDate "1983.07.??"]
[EventType "tourn"]
[EventRounds "13"]
[EventCountry "USA"]
[EventCategory "10"]
[SourceTitle "MCL"]
[Source "ChessBase"]
[SourceDate "1999.07.01"]
[SourceVersion "1"]
[SourceVersionDate "1999.07.01"]
[SourceQuality "1"]

1. e4 c5 2. Nf3 d6 3. d4 cxd4 4. Nxd4 Nf6 5. Nc3 a6 6. g3 e6 7. Bg2 Be7 8. O-O
O-O 9. Be3 Nc6 10. Nxc6 bxc6 11. e5 (11. Na4 d5 $1) 11... Nd5 12. exd6 Bxd6 13.
Bd2 Rb8 $10 14. Na4 $6 (14. Rb1 $1) (14. Ne4 $2 Be5) 14... c5 15. c4 Ne7 16.
Bc3 Nf5 17. b3 e5 18. Bb2 Nd4 19. Nc3 f5 (19... Re8 $1) 20. f4 $1 exf4 21. gxf4
Re8 22. Rf2 Bb7 23. Nd5 Bxd5 24. Bxd5+ Kh8 25. Kh1 Qc7 26. Qd2 Re7 27. Rg1 Rbe8
$2 (27... a5 28. Bc3 $1) 28. Bxd4 $1 cxd4 29. b4 Re3 $2 (29... Re4 $1 30. Bxe4
$2 (30. Rgf1 Qe7 31. c5 Bc7) 30... Rxe4 $1) 30. c5 $1 Bxf4 31. Qxd4 Bh6 32.
Rxf5 Re2 33. Qh4 Qd7 (33... Be3 $2 34. Qxh7+ $1) 34. Rgf1 g6 $2 (34... Qc8 $6
35. c6 R2e5 36. Rxe5 Rxe5 37. Qg4 Qd8 38. Bg2) 35. Qd4+ R8e5 (35... Bg7 36.
Rf8+ Rxf8 37. Rxf8#) 36. Rxe5 Bg7 37. Rxe2 $2 (37. Rf8+ Bxf8 38. Re8+ Qg7 39.
Rxf8#) 37... Bxd4 38. Rf8+ (38. Rf8+ Kg7 39. Rf7+) 1-0